[Event "Erfurt op-B 29th"]
[Site "Erfurt"]
[Date "2019.12.27"]
[Round "2"]
[White "Petzold, Torsten"]
[Black "Woost, Thomas"]
[Result "0-1"]
[WhiteElo "1762"]
[BlackElo "1905"]
[PlyCount "118"]
[EventDate "2019.12.26"]
[EventType "swiss"]
[EventRounds "8"]
[EventCountry "GER"]
[SourceTitle "EXT 2021"]
[Source "ChessBase"]
[SourceDate "2020.10.23"]
[SourceVersion "1"]
[SourceVersionDate "2020.10.23"]
[SourceQuality "1"]

1. c4 e5 2. Nc3 g6 3. g3 Bg7 4. Bg2 Nc6 5. Rb1 a5 6. a3 d6 7. b4 axb4 8. axb4 Nge7 9. d3 0-0 10. b5 Nd4 11. e3 Ne6 12. Nge2 Nc5 13. 0-0 Bf5 14. e4 Bd7 15. Qc2 Qc8 16. f4 Bh3 17. Bb2 Bxg2 18. Kxg2 c6 19. Rbd1 f5 20. fxe5 dxe5 21. Ng1 Qe6 22. Nf3 f4 23. Ne2 Ra2 24. Ra1 Rfa8 25. Rxa2 Rxa2 26. Qb1 Ra8 27. Nc3 Qg4 28. Ne2 fxg3 29. Nxg3 Qe6 30. bxc6 Nxc6 31. Bc3 Rd8 32. Ne1 Qg4 33. h3 Qg5 34. Rf3 Nd4 35. Qb6 Nxf3 36. Nxf3 Qe7 37. Bb4 Rc8 38. Ne1 Bf8 39. Nf3 Rc6 40. Qb5 Qc7 41. Bxc5 Rxc5 42. Qe8 Qe7 43. Qa4 Rc6 44. Ne2 Ra6 45. Qb3 Ra3 46. Qc2 Qd6 47. Nc1 Bh6 48. Nb3 Qb4 49. Nfd2 Bxd2 50. Nxd2 Rc3 51. Qa2 Rxd3 52. Qa8+ Kg7 53. Nf3 Qb2+ 54. Kg3 Qb3 55. Qc8 Rxf3+ 56. Kh4 Rf4+ 57. Qg4 Qf3 58. c5 Qf2+ 59. Kg5 h6# 0-1

[Event "Oberfranken-ch 1213"]
[Site "Schney"]
[Date "2013.01.03"]
[Round "2"]
[White "Petzold, Torsten"]
[Black "Fischer, Andreas2222"]
[Result "1-0"]
[WhiteElo "1537"]
[BlackElo "1689"]
[PlyCount "75"]
[EventDate "2013.01.03"]
[EventType "swiss"]
[EventRounds "7"]
[EventCountry "GER"]
[SourceTitle "EXT 2015"]
[Source "ChessBase"]
[SourceDate "2014.11.20"]
[SourceVersion "1"]
[SourceVersionDate "2014.11.20"]
[SourceQuality "1"]

1. b4 c6 2. Bb2 a5 3. bxa5 Qxa5 4. Nf3 d6 5. c4 e5 6. Nc3 Na6 7. e3 Ne7 8. Be2 Ng6 9. 0-0 Be7 10. d4 0-0 11. d5 c5 12. Nb5 Bd7 13. Bc3 Qd8 14. Nd2 Bxb5 15. cxb5 Nc7 16. Bc4 b6 17. a4 Qd7 18. Qb3 Qg4 19. f3 Qg5 20. Rae1 Nh4 21. Rf2 Nf5 22. Ne4 Qg6 23. Bd2 h5 24. Bd3 h4 25. g4 h3 26. Ng3 Bh4 27. Bxf5 Qf6 28. f4 exf4 29. exf4 Rfe8 30. Rfe2 Rxe2 31. Rxe2 Qa1+ 32. Nf1 Rxa4 33. Qxh3 Qd4+ 34. Qe3 g6 35. Qxd4 Rxd4 36. Bd7 Rxd5 37. g5 f6 38. Ne3 1-0